(Aléatoire) Trouvez les lignes desservant ces gares en IDF - Statistiques

Statistiques générales
  • Ce quiz a été pris 757 fois
    406 depuis la dernière actualisation
  • Le résultat moyen est 20 sur 30
Statistiques - réponses
Gare Précisions Lignes la desservant % Correct
Auber Ne comptez pas la correspondance vers Haussmann. A
100%
La Plaine - Stade de France B
100%
Palaiseau B
100%
Les Grésillons C
100%
Issy C
100%
Champ de Mars - Tour Eiffel C
100%
La Borne Blanche D
100%
Goussainville D
100%
Villeneuve-Triage D
100%
Viry-Châtillon D
100%
Bouffémont - Moisselles H
100%
Osny J
100%
Dreux N
100%
Rambouillet N
100%
Gravigny-Balizy T12
100%
Aéroport Charles-de-Gaulle 1 Ne comptez pas le VAL. B
93%
Avenue du Président-Kennedy C
93%
Invalides C
93%
Musée d'Orsay C
93%
Ris-Orangis D
93%
Grigny-Centre D
93%
Val d'Argenteuil J
93%
Vincennes A
92%
Nogent-sur-Marne A
92%
Villepinte B
92%
Saint-Rémy-lès-Chevreuse B
92%
Avenue Henri-Martin C
92%
Boulainvilliers C
92%
Combs-la-Ville - Quincy D
92%
Vaucresson L
92%
La Verrière Notez les différentes lignes dans l'ordre alphabétique, et tram en dernier. N,U
92%
Gif-sur-Yvette B
91%
Avenue Foch C
91%
Villiers-le-Bel - Gonesse - Arnouville D
91%
Paris-Montparnasse N
91%
Bois-le-Roi R
91%
Chartrettes R
91%
Noisy - Champs A
90%
Val d'Europe A
90%
Marne-la-Vallée - Chessy A
90%
La Défense(Grande Arche) Notez les différentes lignes dans l'ordre alphabétique, et tram en dernier. A,E,L,U,T2
90%
Le Blanc-Mesnil B
90%
Antony Ne comptez pas l'OrlyVAL. B
90%
Le Vert de Maisons D
90%
Creil Notez les différentes lignes dans l'ordre alphabétique, et tram en dernier. D,H
90%
Courbevoie L
90%
Torcy A
89%
Nanterre-la-Folie E
89%
Livry-sur-Seine R
89%
Versailles-Château-Rive-Gauche C
88%
Saint-Quentin-en-Yvelines Notez les différentes lignes dans l'ordre alphabétique, et tram en dernier. C,N,U
88%
Colombes J
88%
Clichy - Levallois L
88%
Nation A
87%
Palaiseau - Villebon B
87%
Bibliothèque François-Mitterrand C
87%
Le Bras de Fer Évry - Génopole D
87%
La Courneuve - Aubervilliers B
86%
Bagneux B
86%
Saint-Ouen C
86%
Rosny-sous-Bois E
86%
Auvers-sur-Oise H
86%
Dordives R
86%
Le Vésinet-Centre A
84%
Bures-sur-Yvette B
84%
Boissy-Saint-Léger A
83%
Fontenay-aux-Roses B
83%
Breuillet-Village C
83%
Créteil-Pompadour D
83%
Maurecourt J
83%
Gisors J
83%
Sèvres-Rive-Gauche N
83%
Crécy-la-Chapelle P
83%
Petit Vaux T12
83%
Rueil-Malmaison A
82%
Le Parc de Saint-Maur A
82%
Vert-Galant B
82%
Luxembourg B
82%
Fontaine Michalon B
82%
Savigny-sur-Orge C
82%
Étréchy C
82%
Ozoir-la-Ferrière E
82%
L'Isle-Adam - Parmain H
82%
Triel-sur-Seine J
82%
Andrésy J
82%
Plaisir - Les Clayes N
82%
Château-Thierry P
82%
Fontaine-le-Port R
82%
Gretz-Armainvilliers E
81%
Joinville-le-Pont A
80%
Châtelet - Les Halles Notez les différentes lignes dans l'ordre alphabétique, et tram en dernier. A,B,D
80%
Sevran - Beaudottes B
80%
Drancy B
80%
Chaville - Vélizy C
80%
Ivry-sur-Seine C
80%
Les Ardoines C
80%
Pont de Rungis - Aéroport d'Orly C
80%
Saint-Michel-sur-Orge C
80%
Ponthierry - Pringy D
80%
Malesherbes D
80%
Champ de courses d'Enghien H
80%
Épluches H
80%
Versailles-Rive-Droite L
80%
Bécon-les-Bruyères L
80%
Fontenay-le-Fleury Bois-d'Arcy N
80%
Mareil-sur-Mauldre N
80%
Nanteuil - Saâcy P
80%
Le Vésinet - Le Pecq A
79%
Bry-sur-Marne A
79%
Orly-Ville C
79%
Brétigny C
79%
Évry-Val-de-Seine D
79%
Corbeil-Essonnes D
79%
Les Yvris-Noisy-le-Grand E
79%
L'Étang-la-Ville L
79%
Saint-Germain-en-Laye Notez les différentes lignes dans l'ordre alphabétique, et tram en dernier. A,T13
78%
Villeneuve-le-Roi C
78%
Marolles-en-Hurepoix C
78%
Saint-Martin-d'Étampes C
78%
Essonnes - Robinson D
78%
Boissise-le-Roi D
78%
Persan - Beaumont H
78%
Saint-Leu-d'Esserent H
78%
Trie-Château J
78%
Herblay J
78%
Bois-Colombes J
78%
Paris-Saint-Lazare Notez les différentes lignes dans l'ordre alphabétique, et tram en dernier. Ne comptez pas les correspondances avec Haussmann et Auber. J,L
78%
Les Vallées L
78%
La Ferté-Milon P
78%
Charles-de-Gaulle - Étoile A
77%
Sucy - Bonneuil A
77%
Noisiel A
77%
Pont de l'Alma C
77%
Gare d'Austerlitz C
77%
Dourdan C
77%
Bouray C
77%
Magenta Notez les différentes lignes dans l'ordre alphabétique, et tram en dernier. Ne comptez pas les correspondances avec la gare du Nord et la gare de l'Est. E
77%
Nogent - Le Perreux E
77%
Émerainville - Pontault-Combault E
77%
Pont-Petit H
77%
Conflans-Sainte-Honorine J
77%
Le Stade J
77%
Choisy-le-Roi C
76%
Argenteuil J
76%
Chatou - Croissy A
75%
Champigny A
75%
La Norville - Saint-Germain-lès-Arpajon C
75%
Épinay-sur-Seine Notez les différentes lignes dans l'ordre alphabétique, et tram en dernier. C,T8,T11
75%
Survilliers - Fosses D
75%
Brunoy D
75%
Chelles - Gournay Notez les différentes lignes dans l'ordre alphabétique, et tram en dernier. E,P
75%
Tournan Notez les différentes lignes dans l'ordre alphabétique, et tram en dernier. E,P
75%
Sarcelles - Saint-Brice H
75%
La Barre - Ormesson H
75%
Chars J
75%
Us J
75%
Cormeilles-en-Parisis J
75%
Compans K
75%
Garches - Marnes-la-Coquette L
75%
Villepreux - Les Clayes N
75%
Marchezais - Broué N
75%
Les Essarts-le-Roi N
75%
Vaires - Torcy P
75%
Montigny-sur-Loing R
75%
Bagneaux-sur-Loing R
75%
Jouy-en-Josas V
75%
Villeneuve-Saint-Georges D
74%
Nanterre-Ville A
73%
Neuilly-Plaisance A
73%
Bourg-la-Reine B
73%
Orsay-Ville B
73%
La Croix de Berny Notez les différentes lignes dans l'ordre alphabétique, et tram en dernier. B,T10
73%
Arpajon C
73%
La Ferté-Alais D
73%
Crépy-en-Valois K
73%
Saint-Nom-la-Bretèche - Forêt de Marly Notez les différentes lignes dans l'ordre alphabétique, et tram en dernier. L,T13
73%
La Ferté-sous-Jouarre P
73%
Clichy - Montfermeil T4
73%
Haussmann - Saint-Lazare Ne comptez pas les correspondances avec la gare Saint-Lazare et Auber. E
72%
Bussy-Saint-Georges A
71%
Achères-Ville Notez les différentes lignes dans l'ordre alphabétique, et tram en dernier. A,L
71%
Aéroport Charles-de-Gaulle 2 TGV Ne comptez pas le VAL. B
71%
Denfert-Rochereau B
71%
Gentilly B
71%
Maisons-Alfort - Alfortville D
71%
Melun Notez les différentes lignes dans l'ordre alphabétique, et tram en dernier. D,R
71%
Frépillon H
71%
Chanteloup-les-Vignes J
71%
Mantes-la-Jolie Notez les différentes lignes dans l'ordre alphabétique, et tram en dernier. J,N
71%
Villiers - Neauphle - Pontchartrain N
71%
Le Perray N
71%
Parc des Expositions B
70%
Arcueil - Cachan B
70%
Massy - Verrières Notez les différentes lignes dans l'ordre alphabétique, et tram en dernier. B,C
70%
Étampes C
70%
Saint-Ouen-l'Aumône-Liesse Notez les différentes lignes dans l'ordre alphabétique, et tram en dernier. C,H
70%
Porte de Clichy Notez les différentes lignes dans l'ordre alphabétique, et tram en dernier. C,T3b
70%
Louvres D
70%
Le Raincy - Villemomble - Montfermeil E
70%
Ermont-Halte H
70%
Taverny H
70%
Valmondois H
70%
Marly-le-Roi L
70%
Chaville-Rive-Droite Notez les différentes lignes dans l'ordre alphabétique, et tram en dernier. L,U
70%
Clichy-sous-Bois - Mairie T4
70%
Vauboyen V
70%
Villeparisis - Mitry-le-Neuf B
69%
Sevran - Livry B
69%
Meudon-Val-Fleury C
69%
Les Noues D
69%
Stade de France - Saint-Denis D
69%
Boussy-Saint-Antoine D
69%
Belloy - Saint-Martin H
69%
Santeuil - Le Perchay J
69%
Éragny - Neuville J
69%
Coignières N
69%
Esbly P
69%
Trilport P
69%
Fontainebleau - Avon R
69%
Dugny - La Courneuve T11
68%
Fontenay-sous-Bois A
67%
Noisy-le-Grand-Mont d'Est A
67%
Conflans-Fin-d'Oise Notez les différentes lignes dans l'ordre alphabétique, et tram en dernier. A,J,L
67%
Sartrouville Notez les différentes lignes dans l'ordre alphabétique, et tram en dernier. A,L
67%
Nanterre-Université Notez les différentes lignes dans l'ordre alphabétique, et tram en dernier. A,L
67%
Courcelle-sur-Yvette B
67%
Gare du Nord Notez les différentes lignes dans l'ordre alphabétique, et tram en dernier. Correspondance avec Magenta incluse. B,D,E,H,K
67%
Saint-Gratien C
67%
Porchefontaine C
67%
Javel C
67%
Ablon C
67%
Athis-Mons C
67%
Sainte-Geneviève-des-Bois C
67%
Chamarande C
67%
Juvisy Notez les différentes lignes dans l'ordre alphabétique, et tram en dernier. C,D
67%
Versailles-Chantiers Notez les différentes lignes dans l'ordre alphabétique, et tram en dernier. C,N,U,V
67%
Issy-Val de Seine Notez les différentes lignes dans l'ordre alphabétique, et tram en dernier. C,T2
67%
Évry-Courcouronnes Centre Notez les différentes lignes dans l'ordre alphabétique, et tram en dernier. D,T12
67%
Rosny-Bois-Perrier E
67%
Rosa-Parks Notez les différentes lignes dans l'ordre alphabétique, et tram en dernier. E,T3b
67%
Deuil - Montmagny H
67%
Villaines H
67%
Presles-Courcelles H
67%
Saint-Leu-la-Forêt H
67%
La Frette - Montigny J
67%
Le Plessis-Belleville K
67%
La Garenne-Colombes L
67%
Louveciennes L
67%
Pont-Cardinet L
67%
Saint-Cloud Notez les différentes lignes dans l'ordre alphabétique, et tram en dernier. L,U
67%
Clamart N
67%
Maule N
67%
Changis - Saint-Jean P
67%
Fontainebleau-Forêt Desserte très très rare. R
67%
Saint-Mammès R
67%
Vulaines-sur-Seine - Samoreau R
67%
Chilly-Mazarin T12
67%
Gargan T4
67%
République - Marx Dormoy T4
67%
Hôpital de Montfermeil T4
67%
Boutigny D
65%
Montgeroult - Courcelles J
65%
Montereau R
65%
Lisière Pereire T13
65%
Val de Fontenay Notez les différentes lignes dans l'ordre alphabétique, et tram en dernier. A,E
64%
Cergy-le-Haut Notez les différentes lignes dans l'ordre alphabétique, et tram en dernier. A,L
64%
Le Bourget Notez les différentes lignes dans l'ordre alphabétique, et tram en dernier. B,T11
64%
Égly C
64%
Saint-Chéron C
64%
Pont du Garigliano Hôpital européen Georges-Pompidou Notez les différentes lignes dans l'ordre alphabétique, et tram en dernier. C,T3a
64%
Orry-la-Ville - Coye D
64%
Vigneux-sur-Seine D
64%
Viarmes H
64%
Mériel H
64%
Chaponval H
64%
Meulan - Hardricourt J
64%
Couilly - Saint-Germain - Quincy P
64%
Mareuil-sur-Ourcq P
64%
Moret-Veneux-les-Sablons R
64%
Allée Royale T13
64%
Rougemont - Chanteloup T4
64%
La Varenne - Chennevières A
63%
Port-Royal B
63%
Villiers-sur-Marne - Le Plessis-Trévise E
63%
Luzarches H
63%
Enghien-les-Bains Accessible H
63%
Limay J
63%
Gargenville J
63%
La Celle-Saint-Cloud L
63%
Orgerus - Béhoust N
63%
Houdan N
63%
Lizy-sur-Ourcq P
63%
Nemours - Saint-Pierre R
63%
Bièvres V
63%
Igny V
63%
Houilles - Carrières-sur-Seine Notez les différentes lignes dans l'ordre alphabétique, et tram en dernier. A,J,L
62%
Cergy-Saint-Christophe Notez les différentes lignes dans l'ordre alphabétique, et tram en dernier. A,L
62%
Gros Noyer - Saint-Prix H
62%
Montfort-l'Amaury - Méré N
62%
Montargis R
62%
Mareil-Marly T13
62%
Lycée Henri Sellier T4
62%
Petit Jouy - Les Loges V
62%
Nanterre-Préfecture A
60%
Neuville-Université Notez les différentes lignes dans l'ordre alphabétique, et tram en dernier. A,L
60%
Vitry-sur-Seine C
60%
Neuilly - Porte Maillot Notez les différentes lignes dans l'ordre alphabétique, et tram en dernier. C,E
60%
Saint-Ouen-l'Aumône Notez les différentes lignes dans l'ordre alphabétique, et tram en dernier. C,H
60%
Les Saules Notez les différentes lignes dans l'ordre alphabétique, et tram en dernier. C,T9
60%
Lieusaint - Moissy D
60%
Saint-Fargeau D
60%
Buno - Gironville D
60%
Pantin E
60%
Gagny E
60%
Paris-Est Notez les différentes lignes dans l'ordre alphabétique, et tram en dernier. Incluez la correspondance avec Magenta. E,P
60%
Méry-sur-Oise H
60%
Champagne-sur-Oise H
60%
Meudon N
60%
Meaux P
60%
Les Portes de Saint-Cyr T13
60%
Le Val d'Or L
59%
Bailly T13
59%
Lognes A
58%
Moulin-Galant D
58%
Noisy-le-Sec Notez les différentes lignes dans l'ordre alphabétique, et tram en dernier. E,T1
58%
Montsoult - Maffliers H
58%
Dammartin - Juilly - Saint-Mard K
58%
Isles - Armentières - Congis P
58%
Thomery R
58%
Souppes - Château-Landon R
58%
Vernou-sur-Seine R
58%
Cergy-Préfecture Notez les différentes lignes dans l'ordre alphabétique, et tram en dernier. A,L
57%
Le Guichet B
57%
La Hacquinière B
57%
Dourdan - La Forêt C
57%
Pierrelaye Notez les différentes lignes dans l'ordre alphabétique, et tram en dernier. C,H
57%
Mennecy D
57%
Pierrefitte - Stains Notez les différentes lignes dans l'ordre alphabétique, et tram en dernier. D,T11
57%
Groslay H
57%
Chaville-Rive-Gauche N
57%
Villiers - Montbarbin P
57%
Crouy-sur-Ourcq P
57%
La Grande-Paroisse R
57%
Léon Blum Collège Louise Michel T4
57%
Saint-Michel - Notre-Dame Notez les différentes lignes dans l'ordre alphabétique, et tram en dernier. B,C
56%
Mitry - Claye Notez les différentes lignes dans l'ordre alphabétique, et tram en dernier. B,K
56%
Pereire - Levallois C
56%
Sermaise C
56%
Épinay-sur-Orge Notez les différentes lignes dans l'ordre alphabétique, et tram en dernier. C,T12
56%
Savigny-le-Temple - Nandy D
56%
Cesson D
56%
Le Mée D
56%
Orangis - Bois de l'Épine D
56%
Bessancourt H
56%
Issou - Porcheville J
56%
Chaumont-en-Vexin J
56%
Saint-Ouen-l'Aumône-Quartier de l'Église J
56%
Nanteuil-le-Haudouin K
56%
Montreuil L
56%
Nézel - Aulnay N
56%
Bourron-Marlotte - Grez R
56%
Héricy R
56%
Villetaneuse-Université T11
56%
La Remise à Jorelle T4
56%
Les Pavillons-sous-Bois T4
56%
Lardy C
55%
Roissy-en-Brie E
55%
Nointel - Mours H
55%
Chantilly - Gouvieux D
54%
Le Coudray-Montceaux D
54%
Domont H
54%
Asnières-sur-Seine Notez les différentes lignes dans l'ordre alphabétique, et tram en dernier. J,L
54%
Sceaux B
53%
Les Baconnets B
53%
Yerres D
53%
Les Boullereaux-Champigny E
53%
Écouen - Ézanville H
53%
Vaucelles H
53%
Tacoignières - Richebourg N
53%
Freinville - Sevran T4
53%
Maurice Audin T4
53%
Gare de Lyon Notez les différentes lignes dans l'ordre alphabétique, et tram en dernier. A,D,R
52%
Saint-Maur - Créteil A
50%
Poissy Notez les différentes lignes dans l'ordre alphabétique, et tram en dernier. A,J
50%
Maisons-Laffitte Notez les différentes lignes dans l'ordre alphabétique, et tram en dernier. A,L
50%
Laplace B
50%
Robinson B
50%
Lozère B
50%
Chemin d'Antony C
50%
Breuillet - Bruyères-le-Châtel C
50%
Cernay Notez les différentes lignes dans l'ordre alphabétique, et tram en dernier. C,H
50%
Saint-Cyr Notez les différentes lignes dans l'ordre alphabétique, et tram en dernier. C,N,U,T13
50%
Rungis - La Fraternelle Notez les différentes lignes dans l'ordre alphabétique, et tram en dernier. C,T7
50%
Montgeron - Crosne D
50%
Le Plessis-Chenet D
50%
Ballancourt D
50%
Bruyères-sur-Oise H
50%
Boran-sur-Oise H
50%
Épinay - Villetaneuse Montmagny Notez les différentes lignes dans l'ordre alphabétique, et tram en dernier. H,T11
50%
Boissy-l'Aillerie J
50%
Thieux - Nantouillet K
50%
Bougival L
50%
Beynes N
50%
Trappes Notez les différentes lignes dans l'ordre alphabétique, et tram en dernier. N,U
50%
Champagne-sur-Seine R
50%
Stains-La Cerisaie T11
50%
Fourqueux - Bel Air T13
50%
Noisy-le-Roi T13
50%
Les Coquetiers T4
50%
Allée de la Tour - Rendez-Vous T4
50%
L'Abbaye T4
50%
Romain Rolland T4
50%
Arboretum T4
50%
Le Chénay-Gagny E
47%
Seugy H
47%
Ormoy-Villers K
47%
Bellevue N
47%
Vosves D
46%
Mantes-Station J
46%
Viroflay-Rive-Droite Notez les différentes lignes dans l'ordre alphabétique, et tram en dernier. L,T6
46%
Nogent-l'Artaud - Charly P
46%
Pontoise Notez les différentes lignes dans l'ordre alphabétique, et tram en dernier. C,H,J
45%
Vaux-sur-Seine J
45%
Suresnes-Mont-Valérien Notez les différentes lignes dans l'ordre alphabétique, et tram en dernier. L,U
45%
Vanves - Malakoff N
45%
Montry - Condé P
45%
Longjumeau T12
45%
Massy - Palaiseau Notez les différentes lignes dans l'ordre alphabétique, et tram en dernier. B,C,V,T12
44%
Lagny - Thorigny P
44%
Cité universitaire Notez les différentes lignes dans l'ordre alphabétique, et tram en dernier. B,T3a
43%
Ermont - Eaubonne Notez les différentes lignes dans l'ordre alphabétique, et tram en dernier. C,H,J
43%
Précy-sur-Oise H
43%
Juziers J
43%
Chézy-sur-Marne P
43%
Camp des Loges T13
43%
Aulnay-sous-Bois Notez les différentes lignes dans l'ordre alphabétique, et tram en dernier. B,K,T4
42%
Grand Bourg D
42%
Villabé D
42%
Garges - Sarcelles Notez les différentes lignes dans l'ordre alphabétique, et tram en dernier. D,T5
42%
Sannois J
42%
Franconville - Le Plessis-Bouchard Notez les différentes lignes dans l'ordre alphabétique, et tram en dernier. C,H
41%
Saint-Denis Notez les différentes lignes dans l'ordre alphabétique, et tram en dernier. D,H,T1,T8
40%
Sèvres - Ville-d'Avray Notez les différentes lignes dans l'ordre alphabétique, et tram en dernier. L,U
40%
Viroflay-Rive-Gauche Notez les différentes lignes dans l'ordre alphabétique, et tram en dernier. C,T6
38%
Bondy Notez les différentes lignes dans l'ordre alphabétique, et tram en dernier. E,T4
38%
Liancourt-Saint-Pierre J
38%
Lavilletertre J
38%
Puteaux Notez les différentes lignes dans l'ordre alphabétique, et tram en dernier. L,U,T2
38%
L'Étang - Les Sablons T13
38%
Épône - Mézières Notez les différentes lignes dans l'ordre alphabétique, et tram en dernier. J,N
36%
Maisse D
33%
Boigneville D
33%
Gennevilliers Notez les différentes lignes dans l'ordre alphabétique, et tram en dernier. C,T1
31%
Thun-le-Paradis J
31%
Ferrières - Fontenay R
31%
Parc de Sceaux B
29%
Montigny - Beauchamp Notez les différentes lignes dans l'ordre alphabétique, et tram en dernier. C,H
29%
Garancières - La Queue N
27%
Notre-Dame des Anges T4
25%
Aucun quiz correspondant
Distribution des résultats
% des personnes avec chaque résultat
Percentile par nombre de réponses
Votre historique - résultats
Vous n’avez pas pris ce quiz depuis la dernière actualisation